000 00764nam a2200277Ia 4500
003 OSt
005 20220918163246.0
006 a|||||r|||| 00| 0
007 ta
008 220917b |||||||| |||| 00| 0 eng d
020 _a0 435 90096 X
024 _a16,382
037 _cTextual
040 _aARTS
_cARTS
_beng
041 _2eng
_aeng
082 _aO11196,1x, L1
100 _aCook David Ed.
_912333
245 0 _aPoems from East Africa
260 _aLondon
_bHeinemann UK
_c1971
300 _axvi,202p.
_ccm.
490 _aAfricanwriter series; 96
650 _aENGLISH LITERATURE
700 _a Rubadiri David Ed.
_912334
942 _hO11196,1x, L1
_cTEXL
_2CC
999 _c118763
_d118763